Cliquez sur la région de chaque département français - Statistiques

Statistiques générales
  • Ce quiz a été pris 13 830 fois
    13 795 depuis la dernière actualisation
  • Le résultat moyen est 42 sur 96
Statistiques - réponses
Hint Réponse % Correct
Paris Île-de-France
63%
Seine-Saint-Denis Île-de-France
62%
Corse-du-Sud Corse
61%
Haute-Corse Corse
61%
Nord Hauts-de-France
60%
Pas-de-Calais Hauts-de-France
60%
Finistère Bretagne
57%
Yvelines Île-de-France
57%
Rhône Auvergne-Rhône-Alpes
56%
Hauts-de-Seine Île-de-France
56%
Morbihan Bretagne
54%
Bas-Rhin Grand Est
54%
Haut-Rhin Grand Est
54%
Seine-et-Marne Île-de-France
54%
Alpes-de-Haute-Provence Provence-Alpes-Côte d'Azur
54%
Alpes-Maritimes Provence-Alpes-Côte d'Azur
54%
Moselle Grand Est
53%
Gironde Nouvelle-Aquitaine
53%
Savoie Auvergne-Rhône-Alpes
52%
Meurthe-et-Moselle Grand Est
52%
Essonne Île-de-France
52%
Val-de-Marne Île-de-France
52%
Var Provence-Alpes-Côte d'Azur
52%
Haute-Savoie Auvergne-Rhône-Alpes
51%
Côtes-d'Armor Bretagne
51%
Manche Normandie
50%
Landes Nouvelle-Aquitaine
50%
Bouches-du-Rhône Provence-Alpes-Côte d'Azur
50%
Val-d'Oise Île-de-France
49%
Calvados Normandie
49%
Isère Auvergne-Rhône-Alpes
47%
Loir-et-Cher Centre-Val de Loire
47%
Hérault Occitanie
47%
Pyrénées-Orientales Occitanie
47%
Loire-Atlantique Pays de la Loire
47%
Indre-et-Loire Centre-Val de Loire
46%
Meuse Grand Est
46%
Puy-de-Dôme Auvergne-Rhône-Alpes
45%
Ille-et-Vilaine Bretagne
45%
Loiret Centre-Val de Loire
45%
Vaucluse Provence-Alpes-Côte d'Azur
45%
Cher Centre-Val de Loire
44%
Indre Centre-Val de Loire
44%
Vosges Grand Est
44%
Somme Hauts-de-France
44%
Charente Nouvelle-Aquitaine
44%
Charente-Maritime Nouvelle-Aquitaine
44%
Tarn Occitanie
44%
Côte-d'Or Bourgogne-Franche-Comté
43%
Dordogne Nouvelle-Aquitaine
43%
Hautes-Pyrénées Occitanie
42%
Tarn-et-Garonne Occitanie
42%
Ain Auvergne-Rhône-Alpes
41%
Ardennes Grand Est
40%
Pyrénées-Atlantiques Nouvelle-Aquitaine
40%
Aveyron Occitanie
40%
Haute-Garonne Occitanie
40%
Drôme Auvergne-Rhône-Alpes
39%
Doubs Bourgogne-Franche-Comté
39%
Jura Bourgogne-Franche-Comté
39%
Oise Hauts-de-France
39%
Seine-Maritime Normandie
39%
Ariège Occitanie
39%
Aude Occitanie
39%
Gard Occitanie
39%
Ardèche Auvergne-Rhône-Alpes
38%
Eure-et-Loir Centre-Val de Loire
38%
Marne Grand Est
38%
Maine-et-Loire Pays de la Loire
38%
Vendée Pays de la Loire
38%
Cantal Auvergne-Rhône-Alpes
37%
Allier Auvergne-Rhône-Alpes
36%
Loire Auvergne-Rhône-Alpes
36%
Yonne Bourgogne-Franche-Comté
36%
Haute-Marne Grand Est
36%
Gers Occitanie
36%
Haute-Loire Auvergne-Rhône-Alpes
35%
Aisne Hauts-de-France
35%
Hautes-Alpes Provence-Alpes-Côte d'Azur
35%
Nièvre Bourgogne-Franche-Comté
34%
Territoire de Belfort Bourgogne-Franche-Comté
34%
Eure Normandie
34%
Orne Normandie
34%
Haute-Vienne Nouvelle-Aquitaine
34%
Lot Occitanie
34%
Haute-Saône Bourgogne-Franche-Comté
33%
Saône-et-Loire Bourgogne-Franche-Comté
33%
Corrèze Nouvelle-Aquitaine
33%
Vienne Nouvelle-Aquitaine
33%
Mayenne Pays de la Loire
33%
Sarthe Pays de la Loire
33%
Creuse Nouvelle-Aquitaine
32%
Deux-Sèvres Nouvelle-Aquitaine
31%
Lozère Occitanie
31%
Aube Grand Est
28%
Lot-et-Garonne Nouvelle-Aquitaine
28%
Aucun quiz correspondant
Distribution des résultats
% des personnes avec chaque résultat
Percentile par nombre de réponses
Votre historique - résultats
Vous n’avez pas pris ce quiz depuis la dernière actualisation